000 01320nam0a2200349 4500
001 RU\NLR\bibl\2219
005 20260406041727.0
010 _a5-07-002800-6
_95000
021 _aRU
_b98-373п
_915п
021 _aRU
_b98-112
_96
035 _a(NLR Aleph) 000002117
090 _a3550
_c3550
100 _a19980629d1997 |||y0rusy50 ca
101 0 _arus
102 _aRU
105 _ay |||||||||
200 1 _aТеатр в лицах
_e[Очерки-портреты, зарисовки, эссе]
_fА. Свободин
210 _aМ.
_cЗнание
_d1997
215 _a192 с.
_cпортр.
_d20
225 1 _aСер.: "Мир искусств"
300 _aНа 4-й с. обл. авт.: А. Свободин, засл. деят. искусств Рос. Федерации
320 _aДр. произведения авт. на 4-й с. обл.
606 0 _aТеатр русский советский
_9907811
_3RU\NLR\auth\6611288
686 _aЩ334.3(2Р=Рус)7
700 1 _4070
_8rus
_7ca
_aСвободин
_bА. П.
_f1922-1999
_gАлександр Петрович
_3RU\NLR\AUTH\772086
_9112103
801 0 _aRU
_bNLR
_c19980629
_gPSBO
801 1 _aRU
_bNLR
_c19980629
830 _aАвт. раскрыт по кн.
852 _aNLR
_j98-3/1239
942 _cBOOK
980 _aNB